[Event "Utrecht Keres Memorial"]
[Site "Utrecht"]
[Date "2022.05.28"]
[Round "5"]
[White "Wandy, Kasim"]
[Black "Van der Knaap, Jan"]
[Result "1/2-1/2"]
[WhiteElo "1782"]
[BlackElo "1829"]
[PlyCount "79"]
[EventDate "2022.05.27"]
[EventType "swiss"]
[EventRounds "6"]
[EventCountry "NED"]
[SourceTitle "CBM 208 Extra"]
[Source "ChessBase"]
[SourceDate "2022.07.31"]
[SourceVersion "1"]
[SourceVersionDate "2022.07.31"]
[SourceQuality "1"]

1. e4 d6 2. Nf3 g6 3. Be2 Nf6 4. c3 e5 5. 0-0 Nc6 6. d4 Bg4 7. Be3 Bxf3 8. Bxf3 Bg7 9. d5 Ne7 10. c4 0-0 11. Nc3 c6 12. a3 cxd5 13. cxd5 Qd7 14. Qd2 Ng4 15. Bxg4 Qxg4 16. h3 Qd7 17. Bh6 Bxh6 18. Qxh6 Kh8 19. f4 Ng8 20. Qh4 f5 21. fxe5 dxe5 22. exf5 gxf5 23. Rae1 Ne7 24. Qg5 Ng6 25. h4 Rae8 26. g3 Nf4 27. Kh2 Nd3 28. Re2 e4 29. Qh6 Rf7 30. h5 Ne5 31. Qf4 Ng4+ 32. Kh3 Ref8 33. Rfe1 Rg8 34. Rf1 Rf6 35. Kg2 Qf7 36. Rh1 Qe7 37. Nd1 Qc5 38. Nc3 a6 39. Rc1 Qe7 40. Rd1 1/2-1/2

[Event "Budapest FS03 Nadassy"]
[Site "Budapest"]
[Date "2020.03.08"]
[Round "2.3"]
[White "Wandy, Kasim"]
[Black "Poor, Sandor"]
[Result "0-1"]
[WhiteElo "1776"]
[BlackElo "2013"]
[PlyCount "166"]
[EventDate "2020.03.07"]
[EventType "team-tourn"]
[EventRounds "12"]
[EventCountry "HUN"]
[SourceTitle "CBM 195 Extra"]
[Source "ChessBase"]
[SourceDate "2020.05.31"]
[SourceVersion "1"]
[SourceVersionDate "2020.05.31"]
[SourceQuality "1"]
[WhiteTeam "B Team Lower Elo"]
[BlackTeam "A Team Higher Elo"]
[WhiteTeamCountry "HUN"]
[BlackTeamCountry "HUN"]

1. e4 c5 2. Nf3 e6 3. Nc3 a6 4. d4 cxd4 5. Nxd4 Qc7 6. Bd3 Nf6 7. 0-0 Nc6 8. Nxc6 dxc6 9. Bg5 Be7 10. Rb1 e5 11. Bxf6 Bxf6 12. a3 Be6 13. Qe2 0-0 14. Qh5 g6 15. Qf3 Be7 16. Qg3 Kg7 17. Ne2 f6 18. h4 Bf7 19. Nd4 Kh8 20. Nf3 h5 21. Kh1 Rad8 22. Rbd1 Kg7 23. Rd2 a5 24. Rfd1 Qb6 25. b4 axb4 26. axb4 Qxb4 27. Ng1 Qa5 28. Re2 Bd6 29. Ree1 Qc5 30. Be2 Rh8 31. c3 Bc7 32. Rxd8 Bxd8 33. Rd1 Qe7 34. Qh3 Be6 35. Qd3 Bc7 36. Qg3 Kf7 37. c4 Qc5 38. Nh3 Ra8 39. Ng1 Ra3 40. Rd3 Ra1 41. Qe3 Qxe3 42. fxe3 b6 43. g3 Ke7 44. Rd2 Bd6 45. Rc2 Ra3 46. Kg2 Bc5 47. Bf3 Rxe3 48. Ne2 Ra3 49. Nc3 Kd6 50. Nb1 Ra4 51. Be2 Bd4 52. Nd2 c5 53. Bd3 Rb4 54. Ra2 Bg4 55. Kh2 Rb2 56. Rxb2 Bxb2 57. Kg2 Bc1 58. Nb1 Bb2 59. Nd2 Bd4 60. Nb1 f5 61. Na3 f4 62. Nb5+ Kd7 63. gxf4 exf4 64. Na7 Bf6 65. Nb5 Bxh4 66. Nc3 Kd6 67. e5+ Kxe5 68. Bxg6 f3+ 69. Kh2 Kd4 70. Nb5+ Kxc4 71. Nd6+ Kd4 72. Ne4 Be1 73. Ng5 b5 74. Kg1 Bd2 75. Ne4 Be3+ 76. Kh2 f2 77. Ng3 Bf4 78. Kg2 Bxg3 79. Be8 Be2 80. Kxg3 f1Q 81. Bc6 b4 82. Bg2 Qf8 83. Kh2 b3 0-1

[Event "Utrecht OKU op-B 45th"]
[Site "Utrecht"]
[Date "2018.06.02"]
[Round "2"]
[White "Schoenmakers, Nico"]
[Black "Wandy, Kasim"]
[Result "0-1"]
[WhiteElo "1710"]
[BlackElo "1839"]
[PlyCount "108"]
[EventDate "2018.06.01"]
[EventType "swiss"]
[EventRounds "6"]
[EventCountry "NED"]
[SourceTitle "EXT 2019"]
[Source "ChessBase"]
[SourceDate "2018.10.10"]
[SourceVersion "1"]
[SourceVersionDate "2018.10.10"]
[SourceQuality "1"]

1. e4 c5 2. d4 cxd4 3. c3 dxc3 4. Nxc3 e6 5. Nf3 Nc6 6. Bc4 a6 7. a3 b5 8. Bb3 Bb7 9. 0-0 Bc5 10. Qe2 Nge7 11. Rd1 0-0 12. Bg5 Qc7 13. Rac1 f6 14. Bh4 Ba7 15. Bg3 Qc8 16. Bd6 Qe8 17. Qd2 Na5 18. Ba2 Bc6 19. Nd4 Bxd4 20. Qxd4 Nb7 21. Bg3 Kh8 22. f3 e5 23. Qe3 a5 24. b4 axb4 25. axb4 Ra3 26. Qe1 Nc8 27. Bd5 Ncd6 28. Bf2 Qe7 29. Nb1 Ra6 30. Bb3 Rfa8 31. Qc3 g6 32. Bd5 Bxd5 33. Rxd5 Rc8 34. Qd2 Rxc1+ 35. Qxc1 Rc6 36. Bc5 Qf7 37. Nd2 Kg7 38. Nb3 Qe6 39. Qd1 h5 40. Na5 Nxa5 41. bxa5 Nf7 42. Be3 b4 43. Bc5 b3 44. Qb1 d6 45. Bb6 Rc3 46. Rd1 Qc4 47. h3 Rc2 48. Kh1 Qe2 49. Rg1 Ng5 50. Qxb3 Nxh3 51. Qb1 Nxg1 52. Qxg1 Ra2 53. Kh2 Qb2 54. Qe1 Qxg2# 0-1

[Event "Utrecht OKU op-B 45th"]
[Site "Utrecht"]
[Date "2018.06.02"]
[Round "4"]
[White "Wandy, Kasim"]
[Black "Cheng, Di"]
[Result "1/2-1/2"]
[WhiteElo "1839"]
[BlackElo "1731"]
[PlyCount "62"]
[EventDate "2018.06.01"]
[EventType "swiss"]
[EventRounds "6"]
[EventCountry "NED"]
[SourceTitle "EXT 2019"]
[Source "ChessBase"]
[SourceDate "2018.10.10"]
[SourceVersion "1"]
[SourceVersionDate "2018.10.10"]
[SourceQuality "1"]

1. e4 e5 2. Nf3 Nc6 3. Be2 Nf6 4. d3 Be7 5. 0-0 0-0 6. Nc3 Re8 7. Nd5 Nxd5 8. exd5 Nb4 9. c4 d6 10. a3 Na6 11. b4 Bf5 12. h3 h6 13. Nh2 Nb8 14. Be3 Nd7 15. Bg4 Bg6 16. Bh5 Bh7 17. Ng4 Nf6 18. Nxf6+ Bxf6 19. Rc1 e4 20. d4 g6 21. Be2 Bg7 22. Qd2 g5 23. h4 f6 24. hxg5 fxg5 25. Bg4 Bg6 26. Be6+ Kh7 27. f4 exf3 28. Rxf3 Rf8 29. Rh3 Bf6 30. Rf1 Kg7 31. Rhf3 Be7 1/2-1/2